| 000 | 00543nam a2200133 4500 | ||
|---|---|---|---|
| 999 |
_c13249 _d13249 |
||
| 008 | 190220b ||||| |||| 00| 0 eng d | ||
| 082 | _aDPer 050 T48 Apr-June 2016 v. 187. n. 12-24. | ||
| 100 |
_937037 _aBachelet, Michelle |
||
| 245 |
_aA more democratic and united Latin America is ready to take its rightful place in the world/ _cPresident Michelle Bachelet |
||
| 260 |
_aHong Kong; _bTime Asia, _cc2016. |
||
| 300 |
_av187 n14, pages 14-16: _billustrations; _c27 cm. |
||
| 650 |
_aEconomic conditions _937038 _zLatin America. |
||
| 942 |
_2ddc _cPER |
||